Hunger Games Trivia - Statistics

General Stats
  • This quiz has been taken 284 times
  • The average score is 10 of 12
Answer Stats
Hint Answer % Correct
Buttercup is Prim's ____. cat
97%
Lady is Prim's ____. goat
96%
Peeta's eyes are ____. blue
94%
Rue was the oldest of _ kids. 6
90%
______ killed Rue. Marvel
90%
Before she died, Mags kissed ____. Finnick Odair
89%
Delly was supposedly identical to an Avox girl, whose hair was ___. red
88%
Rue and Prim's names are both types of _____. flowers
85%
Gale Hawthorne's actor was ____ ______. Liam Hemsworth
77%
Delly Cartwright's hair is ____. blonde
71%
Nightlock: it kills you in a ____. minute
71%
Katniss killed ____ and a girl from District _ with tracker jackers. Glimmer, 4
52%
No matching quizzes found
Score Distribution
Percent of People with Each Score
Percentile by Number Answered
Your Score History
You have not taken this quiz